| 000 | nam a22 7a 4500 | ||
|---|---|---|---|
| 999 |
_c145393 _d145391 |
||
| 005 | 20181106080034.0 | ||
| 008 | 181106b sp||||| |||| 00| 0 spa d | ||
| 020 | _a9788449319464 | ||
| 050 | 0 | 4 |
_aHM671 _bS35 2006 |
| 100 | 1 | _aShiva, Vandana | |
| 240 | _aEarth Democracy. Justice, Sustainability and Peace | ||
| 245 | 1 | 0 |
_aManifiesto para una democracia de la tierra : _bjusticia, sostenibilidad y paz / _cVandana Shiva ; traducción de Albino Santos Mosquera |
| 250 | _a1a ed. | ||
| 260 |
_aBarcelona, España : _bPaidós, _c2016 |
||
| 300 |
_a229 p. ; _c23 cm. |
||
| 490 | 0 |
_aEstado y Sociedad, _vNo. 144 |
|
| 650 | 4 | _aJusticia social | |
| 650 | 4 | _aJusticia ambiental | |
| 650 | 4 | _aDesarrollo sustentable | |
| 700 | 1 |
_aSantos Mosquera, Albino, _etr. |
|
| 942 |
_2lcc _cLIB |
||